| 000 | 00623nam a2200229 a 4500 | ||
|---|---|---|---|
| 999 |
_c5388 _d5388 |
||
| 001 | 5388 | ||
| 003 | BD-JhCC | ||
| 005 | 20171213184643.0 | ||
| 008 | 171213s2003 bg |||| || | 000 0 eng d | ||
| 035 | _a(BD-JhCC)5388 | ||
| 040 |
_aBD-JhCC _dBD-JhCC |
||
| 041 | _aeng | ||
| 082 |
_a333.91 _bMIA 2003 |
||
| 100 | _aMiah, M. Maniruzzaman | ||
| 245 |
_aHydro-Politics of The Farakka Barrage / _cM. Maniruzzaman Miah, |
||
| 260 |
_aDhaka : _bGatidhara Publishers _c2003. |
||
| 300 |
_a101 p. : _c21 cm. |
||
| 650 |
_aWater _xGovernment Politics |
||
| 650 |
_aWater Right _zBangladesh |
||
| 942 |
_2ddc _cBK |
||